"Во утверждение дружбы..." (Запись № 36054)

Подробности
000 -МАРКЕР
контрольное поле 02720nam0a2200433 4500
001 - ИДЕНТИФИКАТОР ЗАПИСИ
контрольное поле RU\NLR\bibl\922100
005 - ИДЕНТИФИКАТОР ВЕРСИИ
контрольное поле 20260407134841.0
010 ## - МЕЖДУНАРОДНЫЙ СТАНДАРТНЫЙ НОМЕР КНИГИ (ISBN)
Номер (ISBN) 5-88678-129-3
Уточнения Музеи Московского Кремля
010 ## - МЕЖДУНАРОДНЫЙ СТАНДАРТНЫЙ НОМЕР КНИГИ (ISBN)
Номер (ISBN) 5-901685-92-X
Тираж 2000
Уточнения Художник и книга
021 ## - НОМЕР ГОСУДАРСТВЕННОЙ РЕГИСТРАЦИИ
Код страны Российская Федерация
Номер 2006-7947
Номер Листа государственной регистраци 382
035 ## - ДРУГИЕ СИСТЕМНЫЕ НОМЕРА
Идентификатор записи (NLR Aleph) 000910375
100 ## - ДАННЫЕ ОБЩЕЙ ОБРАБОТКИ
Данные общей обработки 20060327d2005 |||y0rusy50 ca
101 0# - ЯЗЫК РЕСУРСА
Язык текста, звукозаписи и т.д. русский
Язык резюме английский
102 ## - СТРАНА ПУБЛИКАЦИИ ИЛИ ПРОИЗВОДСТВА
Страна публикации Российская Федерация
105 ## - ПОЛЕ КОДИРОВАННЫХ ДАННЫХ: ТЕКСТОВЫЕ МАТЕРИАЛЫ, МОНОГРАФИЧЕСКИЕ
Кодированные данные о монографическом текстовом документе a |||||||||
200 1# - ЗАГЛАВИЕ И СВЕДЕНИЯ ОБ ОТВЕТСТВЕННОСТИ
Основное заглавие "Во утверждение дружбы..."
Параллельное заглавие "In confirmation of friendship..."
Сведения, относящиеся к заглавию посольские дары русским царям
-- [каталог выставки
Первые сведения об ответственности сост. и авт. ст. И.А. Загородняя]
Язык параллельного заглавия английский
210 ## - ПУБЛИКАЦИЯ, РАСПРОСТРАНЕНИЕ И ДР.
Место издания, распространения и т.д. Москва
Имя издателя, распространителя и т. д. Художник и книга
-- Музеи Московского Кремля
Дата издания, распространения и т.д. 2005
215 ## - ФИЗИЧЕСКАЯ ХАРАКТЕРИСТИКА
Специфическое обозначение материала и объем 150 с.
Другие сведения о физической характеристике цв. ил.
Размеры 28
300 ## - ОБЩИЕ ПРИМЕЧАНИЯ
Текст примечания Загл. обл.: Посольские дары русским царям
300 ## - ОБЩИЕ ПРИМЕЧАНИЯ
Текст примечания В надзаг.: М-во культуры и массовых коммуникаций Рос. Федерации, Федер. гос. учреждение "Гос. ист.-культ. музей-заповедник "Моск. Кремль""
300 ## - ОБЩИЕ ПРИМЕЧАНИЯ
Текст примечания 200 лет Музеям Московского Кремля, 1806-2006
300 ## - ОБЩИЕ ПРИМЕЧАНИЯ
Текст примечания Рез. на англ. яз.
320 ## - ПРИМЕЧАНИЯ О НАЛИЧИИ В ДОКУМЕНТЕ БИБЛИОГРАФИИ / УКАЗАТЕЛЯ
Текст примечания Библиогр. в тексте
510 0# - ПАРАЛЛЕЛЬНОЕ ЗАГЛАВИЕ
Параллельное заглавие "In confirmation of friendship..."
Язык заглавия английский
512 1# - ЗАГЛАВИЕ ОБЛОЖКИ
Заглавие обложки Посольские дары русским царям
601 02 - НАИМЕНОВАНИЕ ОРГАНИЗАЦИИ КАК ПРЕДМЕТ
Начальный элемент ввода "Московский Кремль", государственный историко-культурный музей-заповедник
Тематический подзаголовок Коллекция декоративно-прикладного искусства
-- Выставки
Хронологический подзаголовок 2005 - 2006
Системный номер авторитетной/нормативной записи 2426337
Идентификатор авторитетной/нормативной записи RU\NLR\AUTH\661444525
606 1# - НАИМЕНОВАНИЕ ТЕМЫ КАК ПРЕДМЕТ
Наименование темы Прикладное искусство
Тематический подзаголовок Выставки
Географический подзаголовок Москва, город
Хронологический подзаголовок 2005
Системный номер авторитетной/нормативной записи 2418041
Идентификатор авторитетной/нормативной записи RU\NLR\auth\661440222
686 ## - ИНДЕКСЫ ДРУГИХ КЛАССИФИКАЦИЙ
Индекс Щ123(0)л61
686 ## - ИНДЕКСЫ ДРУГИХ КЛАССИФИКАЦИЙ
Индекс Щ101.3(2Р)-2Москва2Кремль
702 #1 - ИМЯ ЛИЦА - ВТОРИЧНАЯ ОТВЕТСТВЕННОСТЬ
Начальный элемент ввода Загородняя
Часть имени, кроме начального элемента ввода И. А.
Код отношения Составитель
711 12 - НАИМЕНОВАНИЕ ОРГАНИЗАЦИИ - АЛЬТЕРНАТИВНАЯ ОТВЕТСТВЕННОСТЬ
Начальный элемент ввода "Во утверждение дружбы..." Посольские дары русским царям", выставка
Место проведения временной организации Москва
Дата проведения временной организации 2005-2006
Системный номер авторитетной/нормативной записи 664995
Идентификатор авторитетной/нормативной записи RU\NLR\AUTH\8810081384
712 02 - НАИМЕНОВАНИЕ ОРГАНИЗАЦИИ - ВТОРИЧНАЯ ОТВЕТСТВЕННОСТЬ
Код отношения Прочие
Начальный элемент ввода "Московский Кремль", государственный историко-культурный музей-заповедник
Системный номер авторитетной/нормативной записи 299609
Идентификатор авторитетной/нормативной записи RU\NLR\AUTH\8813296
801 #0 - ИСТОЧНИК ЗАПИСИ
Страна Российская Федерация
Организация NLR
Дата составления 20060327
Правила каталогизации rcr
801 #1 - ИСТОЧНИК ЗАПИСИ
Страна Российская Федерация
Организация NLR
Дата составления 20060327
942 ## - ДОПОЛНИТЕЛЬНЫЕ ЭЛЕМЕНТЫ ЗАПИСИ (АБИС)
Тип экземпляра АБИС Книга
980 ## - КОЛЛЕКЦИЯ
Название коллекции Национальная библиография
Экземпляры
Тип экземпляра Дата поступления Источник поступления Библиотека постоянного хранения Библиотека текущего хранения Место хранения Шифр хранения Штрих-код Статус экземпляра
Книга 27.03.2006 Обязательный экземпляр РНБ (Садовая) РНБ (Садовая) Фонд эстампов и фотографий (изоизданий) Э КМ821/2005 2145870  
Книга 27.03.2006 Обязательный экземпляр РНБ (Садовая) РНБ (Садовая) Фонд эстампов и фотографий (изоизданий) Э КМ821/2005 2145871